Central bank communication and interest rate: the case of the Czech National Bank
Autori prostredníctvom modelov GARCH, TGARCH a EGARCH analyzujú vplyv písomnej a ústnej komunikácie ČNB na úroveň a volatilitu krátkodobých a dlhodobých úrokových sadzieb. Použitím detailných údajov za obdobie rokov 2007-2012 autori skúmajú, ako finančné trhy reagujú na komunikáciu centrálnej banky...
Saved in:
| Main Author: | |
|---|---|
| Other Authors: | |
| Format: | Book Chapter |
| Language: | English |
| Subjects: | |
| Tags: |
No Tags, Be the first to tag this record!
|
MARC
| LEADER | 00000naa a2200000 4500 | ||
|---|---|---|---|
| 001 | 0191990 | ||
| 005 | 20231010120357.4 | ||
| 041 | 0 | |a eng | |
| 044 | |a CZ | ||
| 245 | 1 | 0 | |a Central bank communication and interest rate: the case of the Czech National Bank |c Roman Horváth, Pavel Karas |
| 520 | |a Autori prostredníctvom modelov GARCH, TGARCH a EGARCH analyzujú vplyv písomnej a ústnej komunikácie ČNB na úroveň a volatilitu krátkodobých a dlhodobých úrokových sadzieb. Použitím detailných údajov za obdobie rokov 2007-2012 autori skúmajú, ako finančné trhy reagujú na komunikáciu centrálnej banky. | ||
| 610 | 2 | 0 | |a banky centrálne |
| 610 | 2 | 0 | |a sadzby úrokové |
| 610 | 2 | 0 | |a trh finančný |
| 610 | 2 | 0 | |a komunikácia |
| 100 | 1 | |a Horváth, Roman | |
| 700 | 1 | |a Karas, Pavel | |